[Event "Africa zt 4.2 (Women)"]
[Site "Dar es Salaam"]
[Date "2016.04.24"]
[Round "2"]
[White "Girmay, Feven Gebremeskel"]
[Black "Ampaire, Shakira"]
[Result "1-0"]
[WhiteElo "1477"]
[BlackElo "1344"]
[PlyCount "92"]
[EventDate "2016.04.23"]
[EventType "swiss"]
[EventRounds "9"]
[EventCountry "TAN"]
[SourceTitle "EXT 2017"]
[Source "ChessBase"]
[SourceDate "2016.10.25"]
[SourceVersion "1"]
[SourceVersionDate "2016.10.25"]
[SourceQuality "1"]

1. e4 e5 2. Nf3 Nc6 3. Bc4 Bc5 4. d3 Qe7 5. a3 h6 6. Nc3 Nf6 7. 0-0 0-0 8. Bd2 d6 9. h3 a6 10. Ne2 b6 11. Ba2 Nh5 12. Be3 Bxe3 13. fxe3 Nd8 14. Nh2 Ne6 15. Nc3 c6 16. Qxh5 Ng5 17. Ne2 Kh8 18. Ng3 g6 19. Qe2 Kg7 20. Nf3 h5 21. Nxg5 Qxg5 22. Rf3 h4 23. Nf1 f5 24. g3 fxe4 25. Rxf8 exd3 26. Rf7+ Kh6 27. cxd3 Bxh3 28. Kh1 hxg3 29. Nxg3 Qxg3 30. e4 Rh8 31. Rg1 Qh4 32. Qe3+ Kh5 33. Qg3 Bg4+ 34. Qxh4+ Kxh4 35. Kg2 Kg5 36. Kf1 Rh3 37. Be6 Rh4 38. Bxg4 Rxg4 39. Rxg4+ Kxg4 40. Kg2 d5 41. exd5 cxd5 42. Rf6 g5 43. Rxb6 Kf4 44. Rxa6 Kg4 45. Ra5 e4 46. dxe4 dxe4 1-0

[Event "Africa zt 4.2 (Women)"]
[Site "Kamwokya"]
[Date "2015.04.24"]
[Round "8"]
[White "Angolikin, Goretti"]
[Black "Girmay, Feven Gebremeskel"]
[Result "1-0"]
[WhiteElo "1663"]
[BlackElo "1520"]
[PlyCount "46"]
[EventDate "2015.04.18"]
[EventType "swiss"]
[EventRounds "9"]
[EventCountry "UGA"]
[SourceTitle "EXT 2016"]
[Source "ChessBase"]
[SourceDate "2015.10.08"]
[SourceVersion "1"]
[SourceVersionDate "2015.10.08"]
[SourceQuality "1"]

1. e4 c5 2. c3 d6 3. d4 cxd4 4. cxd4 Nf6 5. Nc3 g6 6. Nf3 Bg7 7. Bd3 0-0 8. 0-0 Nc6 9. Be3 Ng4 10. Qe2 Bd7 11. h3 Nf6 12. a4 e5 13. dxe5 dxe5 14. Rfd1 a6 15. Bg5 Qa5 16. Bxf6 Bxf6 17. Nd5 Bg7 18. Qe3 Rfd8 19. Qg5 b5 20. Nf6+ Bxf6 21. Qxf6 Nd4 22. Nxe5 Ne6 23. Ng4 Nc5 1-0